000 00832nam a2200241Ia 4500
003 GCL
008 140319s9999 xx 000 0 ara d
020 _a6085040977
040 _aGCL /
_cGCL
082 0 4 _a025.12
_bش ف
100 1 _aشعبان عبدالعزيز خليفة
245 1 0 _aفذلكات فى اساسيات النشر الحديث /
_cشعبان عبدالعزيز خليفة
250 _aالاولى
260 _aالقاهرة :
_bالعربى للنشر والتوزيع ،
_c1992
300 _a144 ص ؛
_c24 سم
490 _aدراسات فى الكتب والمعلومات
_v0
650 0 4 _aنشر الكتب
650 0 4 _aالنشر
650 0 4 _aحقوق التأليف والنشر
650 0 4 _aالمكتبات والنشر
650 0 4 _aعلامات الناشرين
942 _2ddc
_cBK
999 _c4934
_d4934